000 00948cam a22002534a 4500
999 _c329746
_d329746
001 14440554
003 NUST
005 20170518172912.0
008 060707r20061911pk af 001 0 eng
010 _a 2006332685
040 _aDLC
_cDLC
043 _aa-ii---
050 0 0 _aDS485.L79
_bP85 2006
082 _a954.912 REC
110 1 _aPunjab (India)
_91175
245 1 0 _aRecords of the Ludhiana Agency.
260 _aLahore :
_bSang-e-Meel Publications,
_c2006.
300 _aiv, ii, 465, 5 p., [1] leaf of plates :
_bill. ;
_c25 cm.
500 _aOriginally published: Lahore : Punjab Government Press, 1911.
500 _a"Political diaries, journals, reports and records of British India before 1857"---Cover.
500 _aIncludes index.
651 0 _aLudhiana Region (India)
_xPolitics and government
_y19th century
_vSources.
_91176
906 _a7
_bcbc
_corigode
_d3
_encip
_f20
_gy-gencatlg
942 _2ddc
_cBK